| 000 | 00958cac a22003015a 4500 | ||
|---|---|---|---|
| 005 | 20161129114058.0 | ||
| 008 | 150810b2009 xxuad||| |||| 001 0 eng d | ||
| 010 | _a2001099577 | ||
| 020 | _a0071276254 | ||
| 020 | _a9780071276252 | ||
| 035 | _a(DLC) 2001099577 | ||
| 040 |
_beng _cEG-ScBUE |
||
| 082 | 0 | 4 |
_a330.015195 _bGUJ _222 |
| 100 | 1 |
_927397 _aGujarati, Damodar N. |
|
| 245 | 1 | 0 |
_aBasic Econometrics / _cDamodar N. Gujarati, Dawn C. Porter |
| 250 | _a5th ed., International ed. | ||
| 260 |
_aNew York : _bMcGraw-Hill Education, _c2009. |
||
| 300 |
_axx , 922 p. : _bill., charts, tables ; _c24 cm. |
||
| 500 | _aIncludes indexes. | ||
| 504 | _aIncludes bibliographical references. | ||
| 590 | _aDoha Ragab | ||
| 650 | 0 |
_aEconometrics. _927398 _2BUEsh |
|
| 651 | _2BUEsh | ||
| 653 |
_cSeptember2011 _bBUSECO |
||
| 655 |
_vreading book _934232 |
||
| 700 | 1 |
_927396 _aPorter, Dawn C., _eauthor. |
|
| 942 |
_cBB _k330.015195 GUJ _2ddc |
||
| 999 |
_c16101 _d16101 |
||